Normal view MARC view

Entry Personal Name

Number of records used in: 2

001 - CONTROL NUMBER

  • control field: 183

003 - CONTROL NUMBER IDENTIFIER

  • control field: OSt

005 - DATE AND TIME OF LATEST TRANSACTION

  • control field: 20210823163003.0

008 - FIXED-LENGTH DATA ELEMENTS

  • fixed length control field: 210823|| aca||aabn | a|a d

040 ## - CATALOGING SOURCE

  • Original cataloging agency: OSt
  • Transcribing agency: OSt

100 ## - HEADING--PERSONAL NAME

  • Personal name: CHATTOPADHYAY
  • Fuller form of name: D.CHATTOPADHYAY

670 ## - SOURCE DATA FOUND

  • Source citation: Work cat.: (OSt)199: CHATTOPADHYAY D.CHATTOPADHYAY, An advanced course in practical physics, 2007